[Event "Match"]
[Site "www.echecsemail.com"]
[Date "2015.07.20"]
[Round "1"]
[White "Ditto"]
[Black "Azorau"]
[WhiteElo "1820"]
[BlackElo "1529"]
[Result "0-1"]
[Round "1"]
1.d4 d5
2.Ng1f3 Ng8f6
3.Bc1f4 g6
4.e3 Bf8g7
5.c4 O-O
6.Nb1c3 c6
7.Bf1d3 b6
8.O-O Nb8a6
9.cxd5 cxd5
10.Rf1e1 Na6b4
11.Bd3b1 Bc8g4
12.a3 Nb4a6
13.h3 Bg4xf3
14.Qd1xf3 Na6c7
15.Qf3g3 Ra8c8
16.Bb1a2 Nf6h5
17.Qg3f3 e6
18.Bf4h2 Nc7e8
19.Ba2b1 a6
20.Bb1d3 b5
21.Bd3e2 Nh5f6
22.Be2d3 Qd8a5
23.Bd3c2 Ne8d6
24.Bh2xd6 Rf8d8
25.Bd6e5 Nf6h5
26.Bc2d1 b4
27.Nc3a4 Bg7xe5
28.dxe5 Nh5g7
29.axb4 Qa5xb4
30.b3 Qb4xe1
31.Kh2 d4
32.Na4b6 Rc8b8
33.Ra1xa6 dxe3
34.fxe3 Ng7f5
35.Nb6c4 Rd8xd1
{ resign }
0-1

[Event "Match"]
[Site "www.echecsemail.com"]
[Date "2015.07.20"]
[Round "1"]
[White "Raulazo"]
[Black "Carlo"]
[WhiteElo "1889"]
[BlackElo "1799"]
[Result "1-0"]
[Round "1"]
1.e4 e5
2.Ng1f3 Nb8c6
3.Bf1c4 Bf8c5
4.d3 d6
5.Nf3g5 Ng8h6
6.Qd1f3 O-O
7.Ng5h3 Nc6d4
8.Qf3d1 Qd8f6
9.O-O Bc8xh3
10.gxh3 Qf6h4
11.Kg2 Kh8
12.c3 Nd4e6
13.d4 Qh4xe4
14.f3 Qe4g6
15.Kh1 exd4
16.Bc4d3 Qg6h5
17.b4 Bc5b6
18.c4 Qh5xh3
19.Qd1e2 Nh6f5
20.Bd3xf5 Qh3xf5
21.Qe2g2 Ne6f4
22.Bc1xf4 Qf5xf4
23.Rf1g1 Qf4f6
24.Nb1d2 d3
25.Nd2e4 Qf6e5
26.Rg1e1 a5
27.b5 Ra8e8
28.Ra1d1 f5
29.Qg2g3  { time }
1-0

[Event "Match"]
[Site "www.echecsemail.com"]
[Date "2015.07.20"]
[Round "1"]
[White "Cardiff"]
[Black "Generalfree"]
[WhiteElo "2040"]
[BlackElo "1930"]
[Result "1-0"]
[Round "1"]
1.b3 e5
2.Bc1b2 Nb8c6
3.e3 a6
4.c4 f6
5.g3 Nc6b4
6.a3 Nb4c6
7.Bf1g2 Nc6e7
8.Ng1e2 c6
9.O-O d5
10.d3 Bc8e6
11.Nb1d2 Ne7c8
12.Qd1c2 Bf8d6
13.c5 Bd6c7
14.b4 b5
15.cxb6 Bc7xb6
16.Qc2xc6 Qd8d7
17.Qc6xa8 Ng8e7
18.Qa8xa6 O-O
19.d4 e4
20.Ne2f4 Be6g4
21.h3 Bg4f5
22.g4 Bf5e6
23.Nf4xe6 Qd7xe6
24.Nd2b3 { resign }
1-0

[Event "Match"]
[Site "www.echecsemail.com"]
[Date "2015.07.20"]
[Round "1"]
[White "Mdesouza"]
[Black "Joseph1983"]
[WhiteElo "2210"]
[BlackElo "2220"]
[Result "1-0"]
[Round "1"]
1.e4 e6
2.d4 d5
3.Nb1d2 Ng8f6
4.e5 Nf6d7
5.c3 c5
6.Bf1d3 Nb8c6
7.Ng1e2 f6
8.Ne2f4 Qd8e7
9.exf6 Nd7xf6
10.Nd2f3 Nf6g4
11.h3 Ng4h6
12.O-O g6
13.Rf1e1 Bf8g7
14.Bd3xg6 hxg6
15.Nf4xg6 Qe7f7
16.Ng6xh8 { resign }
1-0

[Event "Match"]
[Site "www.echecsemail.com"]
[Date "2015.07.20"]
[Round "1"]
[White "Harrytheking"]
[Black "Llord"]
[WhiteElo "1770"]
[BlackElo "1720"]
[Result "0-1"]
[Round "1"]
1.c4 e5
2.e4 Nb8c6
3.Ng1f3 Ng8f6
4.h3 Bf8c5
5.Nb1c3 O-O
6.a3 a6
7.b4 Bc5a7
8.Bf1e2 d6
9.d3 Nc6d4
10.Nf3xd4 Ba7xd4
11.Bc1b2 Bc8d7
12.O-O h6
13.Rf1e1 Nf6h7
14.Qd1d2 Qd8f6
15.Be2f3 Nh7g5
16.Nc3d5 Qf6e6
17.Nd5xc7 Ng5xh3
18.gxh3 Qe6xh3
19.Nc7xa8 Qh3xf3
20.Kh2 Bd4xf2
21.Re1f1 Qf3h3

0-1

[Event "Match"]
[Site "www.echecsemail.com"]
[Date "2015.07.20"]
[Round "1"]
[White "Reanna"]
[Black "Jakyre"]
[WhiteElo "1590"]
[BlackElo "1499"]
[Result "0-1"]
[Round "1"]
1.c4 e5
2.e4 Bf8c5
3.Ng1f3 Nb8c6
4.Bf1e2 Ng8f6
5.O-O Nf6xe4
6.Nb1c3 O-O
7.Nc3xe4 Bc5b6
8.c5 Bb6a5
9.d3 d5
10.Ne4c3 Ba5xc3
11.bxc3 Qd8f6
12.Bc1g5 Qf6e6
13.Nf3h4 h6
14.Bg5xh6 Qe6xh6
15.g3 Bc8h3
16.Rf1e1 d4
17.Nh4f5 Bh3xf5
18.Be2f3 dxc3
19.Qd1c2 Nc6d4
20.Qc2d1 c2
21.Bf3xb7 Ra8b8
22.Qd1c1 Qh6xc1
23.Ra1xc1 Rb8xb7
 { time }
0-1

[Event "Match"]
[Site "www.echecsemail.com"]
[Date "2015.07.20"]
[Round "1"]
[White "Castletyme"]
[Black "Raulazo"]
[WhiteElo "1890"]
[BlackElo "1889"]
[Result "0-1"]
[Round "1"]
1.e4 e5
2.Ng1f3 Nb8c6
3.Bf1b5 Nc6d4
4.Nf3xd4 exd4
5.O-O c6
6.Bb5d3 Ng8f6
7.e5 Nf6d5
8.c3 Qd8b6
9.cxd4 Nd5f4
10.Bd3e4 g6
11.Qd1a4 Nf4e2
{ resign }
0-1

[Event "Match"]
[Site "www.echecsemail.com"]
[Date "2015.07.20"]
[Round "1"]
[White "Wildtiger"]
[Black "Castletyme"]
[WhiteElo "1620"]
[BlackElo "1890"]
[Result "0-1"]
[Round "1"]
1.e4 e6
2.d4 d5
3.Nb1c3 dxe4
4.Nc3xe4 Ng8f6
5.Qd1e2 Nf6xe4
6.Qe2xe4 Nb8c6
7.Bf1b5 Bc8d7
8.d5 Nc6e7
9.Bb5xd7 Qd8xd7
10.dxe6 Qd7xe6
11.Qe4e2 Qe6xe2
12.Ng1xe2 O-O-O
 { time }
0-1

[Event "Match"]
[Site "www.echecsemail.com"]
[Date "2015.07.20"]
[Round "1"]
[White "Culiflori"]
[Black "Mrmoto"]
[WhiteElo "999"]
[BlackElo "1600"]
[Result "1-0"]
[Round "1"]
1.e4 c5
2.Ng1f3 d6
3.d4 Qd8b6
4.Nb1c3 a6
5.Ra1b1 Nb8c6
6.Bc1e3 Qb6a5
7.Bf1c4 e6
8.O-O b5
9.Bc4e2 b4
10.d5 exd5
11.Nc3xd5 Ng8f6
12.Nd5xf6 gxf6
13.Qd1d5 Bc8d7
14.Be2c4 Rh8g8
15.Qd5xf7 { resign }
1-0

[Event "Match"]
[Site "www.echecsemail.com"]
[Date "2015.07.20"]
[Round "1"]
[White "Jakyre"]
[Black "Norbos"]
[WhiteElo "1499"]
[BlackElo "1600"]
[Result "0-1"]
[Round "1"]
1.e4 e5
2.Ng1f3 d6
3.Bf1c4 Ng8h6
4.d3 Bf8e7
5.Bc1xh6 gxh6
6.O-O Rh8g8
7.Qd1d2 Bc8g4
8.Nf3e1 Be7g5
9.Qd2b4 b6
10.h3 Nb8c6
11.Bc4xf7 Kxf7
12.hxg4 Nc6xb4
13.a3 Nb4c6
14.Nb1c3 Nc6d4
15.Nc3d5 Qd8d7
16.f3 Qd7c6
17.c3 Nd4b3
18.Ra1d1 Bg5c1
19.Nd5b4 Bc1e3
20.Kh2 h5
21.Ne1c2 Qc6d7
22.Nc2xe3 Rg8g5
23.Ne3f5 Ra8g8
24.Nf5h6 Kg7
25.Nh6f5 { time. }
0-1

[Event "Match"]
[Site "www.echecsemail.com"]
[Date "2015.07.20"]
[Round "1"]
[White "Numanoid"]
[Black "Andradamaria"]
[WhiteElo "2580"]
[BlackElo "2339"]
[Result "1-0"]
[Round "1"]
1.e4 c5
2.Ng1f3 d6
3.d4 cxd4
4.Nf3xd4 Ng8f6
5.Nb1c3 a6
6.Bc1g5 Nb8d7
7.Qd1e2 Qd8b6
8.O-O-O h6
9.Bg5h4 g5
10.Bh4g3 Bf8g7
11.Nd4f5 Bg7f8
12.Nc3d5 Qb6d8
13.h4 Rh8g8
14.Nd5xe7  { time }
1-0

[Event "Match"]
[Site "www.echecsemail.com"]
[Date "2015.07.20"]
[Round "1"]
[White "Micheles"]
[Black "Truquine"]
[WhiteElo "2570"]
[BlackElo "1760"]
[Result "1-0"]
[Round "1"]
1.d4 Ng8f6
2.Ng1f3 d6
3.Bc1g5 Nb8d7
4.Nb1d2 h6
5.Bg5h4 g5
6.Bh4g3 Bf8g7
7.e4 O-O
8.Bf1d3 c5
9.c3 Nf6h5
10.O-O Nh5xg3
11.hxg3 Nd7f6
12.Rf1e1 cxd4
13.Nf3xd4 e5
14.Nd4f5 Bc8xf5
15.exf5 Rf8e8
16.a4 Ra8c8
17.a5 d5
18.g4 a6
19.Nd2b3 e4
20.Bd3f1 Qd8d6
21.Re1e3 Rc8c6
{ time. }
1-0

[Event "Match"]
[Site "www.echecsemail.com"]
[Date "2015.07.20"]
[Round "1"]
[White "Bojan"]
[Black "Mitja"]
[WhiteElo "1890"]
[BlackElo "1640"]
[Result "0-1"]
[Round "1"]
1.e4 d5
2.e5 e6
3.d3 Nb8c6
4.Bc1f4 h6
5.Bf4g3 Ng8e7
6.h4 Ne7g6
7.Ng1f3 Bf8c5
8.h5 Ng6e7
9.a3 a6
10.Nb1c3 Bc5a7
11.Bg3h4 Nc6d4
12.Nf3d2 Nd4f5
13.Qd1g4 Nf5xh4
14.Qg4xh4 Ne7c6
15.Qh4g3 Rh8g8
16.Nd2f3 b5
17.Rh1h4 Nc6e7
18.Qg3f4 Ne7f5
19.Rh4g4 Qd8e7
20.b4 c5
21.Nc3e2 cxb4
22.axb4 Bc8b7
23.c3 Ba7b8
24.Ne2d4 Nf5xd4
25.Nf3xd4 Qe7c7
26.Ra1c1 Qc7xe5
27.Qf4xe5 Bb8xe5
28.Nd4b3 Be5d6
29.Rg4h4 Ra8c8
30.g3 Ke7
31.Kd2 Rg8d8
32.d4 e5
33.dxe5 Bd6xe5
34.Rc1e1 Kd6
35.Nb3c5 Rc8c7
36.Kc2 a5
37.Nc5xb7 Rc7xb7
38.bxa5 Rd8a8
39.Re1a1 Rb7c7
40.Bf1xb5 Be5xc3
41.Ra1a4 Bc3f6
42.Kd2 Bf6xh4
43.gxh4 Rc7c5
44.Bb5d3 Rc5xa5
45.Ra4b4 Ra5a2
46.Ke3 Ra8e8
47.Kd4 Re8c8
48.f4 Ra2h2
49.Rb4b7 Rc8c7
50.Rb7b6 Rc7c6
51.Rb6b7 Ke6
52.f5 Kd6
53.Rb7xf7 Rh2xh4
54.Ke3 d4
55.Kf2 Rc6c3
56.Bd3b5 Rh4xh5
57.Kg2 Rh5g5
58.Kh2 Ke5
59.Bb5d7 Rc3a3
60.Rf7f8 d3
61.Rf8e8 Kf4
62.Re8e1 d2
63.Re1d1 Ke3
64.Rd1b1 Ra3a5
65.f6 gxf6
66.Bd7h3 Ra5a2
67.Bh3g2 Rg5xg2
68.Kh1 Ra2c2
69.Rb1b3 Ke2
{ resign }
0-1

[Event "Match"]
[Site "www.echecsemail.com"]
[Date "2015.07.20"]
[Round "1"]
[White "Gilliere"]
[Black "Gambitmiau"]
[WhiteElo "1800"]
[BlackElo "1830"]
[Result "0-1"]
[Round "1"]
1.e4 Nb8c6
2.d4 d5
3.exd5 Qd8xd5
4.Ng1f3 Bc8g4
5.c3 e5
6.Qd1e2 Bg4xf3
7.gxf3 O-O-O
8.Bc1e3 Rd8e8
9.c4 Qd5a5
10.Be3d2 Qa5a6
11.d5 Nc6d4
12.Qe2d3 f5
13.Bd2e3 Ng8f6
14.Bf1g2 Bf8c5
15.O-O Nf6xd5
16.Be3xd4 Bc5xd4
17.Qd3xf5 Kb8
18.cxd5 Bd4xb2
19.Nb1d2 Bb2xa1
20.Rf1xa1 g6
21.Qf5e4 Rh8f8
22.Bg2f1 Qa6f6
23.Bf1g2 Qf6f4
24.Nd2c4 Rf8f5
25.Qe4xf4 exf4
26.d6 Rf5c5
27.dxc7 Rc5xc7
28.Nc4d6 Re8d8
29.Nd6e4 Rc7c6
30.h3 Rd8g8
31.a4 g5
32.Kh2 h5
33.Bg2f1 g4
34.hxg4 hxg4
35.Ra1a3 Rc6h6
36.Kg1 gxf3
37.Bf1g2 Rg8xg2
38.Kf1 Rh6h1

0-1

[Event "Match"]
[Site "www.echecsemail.com"]
[Date "2015.07.20"]
[Round "1"]
[White "Generalfree"]
[Black "Nham"]
[WhiteElo "1760"]
[BlackElo "2160"]
[Result "0-1"]
[Round "1"]
1.e4 e5
2.Ng1f3 Ng8f6
3.d4 Nf6xe4
4.dxe5 d5
5.exd6 Bf8xd6
6.Qd1e2 Qd8e7
7.h4 Nb8c6
8.Nf3g5 Bc8f5
9.Ng5xe4 Qe7xe4
10.c3 O-O
11.Qe2xe4 Bf5xe4
12.Nb1d2 Be4f5
13.Nd2c4 Rf8e8
14.Bc1e3 Bd6e7
15.Ra1d1 Ra8d8
16.Rd1xd8 Re8xd8
17.Be3f4 Rd8d7
18.Bf1e2 a6
19.a4 Bf5c2
20.a5 Bc2b3
21.Be2g4 Rd7d8
22.Bf4xc7 Bb3xc4
23.Bc7xd8 Be7xd8
24.Bg4c8 Nc6xa5
25.b4 Na5b3
26.Bc8xb7 Bd8f6
27.Rh1h3 Kf8
28.g4 Nb3c1
29.Kd2 Nc1e2
30.g5 Ne2f4
31.Rh3f3 Bf6e5
32.Bb7e4 h6
33.gxh6 gxh6
34.Be4c6 Nf4g6
35.Rf3f5 f6
36.Rf5h5 Bc4e6
37.Bc6e4 Kg7
38.Kd3 Ng6f4
{ resign }
0-1

[Event "Match"]
[Site "www.echecsemail.com"]
[Date "2015.07.20"]
[Round "1"]
[White "Maestro"]
[Black "Gambitmiau"]
[WhiteElo "1890"]
[BlackElo "1860"]
[Result "0-1"]
[Round "1"]
1.e4 Nb8c6
2.d4 d5
3.e5 Bc8f5
4.Bf1b5 Qd8d7
5.Ng1e2 e6
6.O-O a6
7.Bb5a4 b5
8.Ba4b3 Bf8b4
9.c3 Bb4a5
10.Ne2g3 Bf5g6
11.Bc1g5 f6
12.exf6 gxf6
13.Bg5e3 O-O-O
14.Nb1d2 Ba5b6
15.a4 b4
16.Ng3e2 e5
17.Nd2f3 Bg6h5
18.Ne2g3 exd4
19.cxd4 Qd7g4
20.Ng3xh5 Qg4xh5
21.Qd1d3 Kb7
22.Rf1c1 f5
23.Rc1xc6 Kxc6
24.Qd3xa6 { time. }
0-1

[Event "Match"]
[Site "www.echecsemail.com"]
[Date "2015.07.20"]
[Round "1"]
[White "Azorau"]
[Black "Whitekknight"]
[WhiteElo "1579"]
[BlackElo "1870"]
[Result "1-0"]
[Round "1"]
1.e4 e5
2.Ng1f3 d6
3.Bf1c4 h6
4.c3 Bc8g4
5.h3 Bg4d7
6.Qd1b3 Qd8e7
7.O-O Bd7c6
8.Bc4b5 Qe7d7
9.Bb5c4 Ng8f6
10.d4 Bc6xe4
11.d5 b6
12.Bc4b5 c6
13.dxc6 Nb8xc6
14.Qb3a4 Ra8c8
15.Rf1d1 Bf8e7
16.Nf3xe5 Qd7f5
17.Ne5xc6 Rc8c7
18.Nc6d4 { resign }
1-0

[Event "Match"]
[Site "www.echecsemail.com"]
[Date "2015.07.20"]
[Round "1"]
[White "Mknittel"]
[Black "Mdesouza"]
[WhiteElo "1809"]
[BlackElo "2210"]
[Result "0-1"]
[Round "1"]
1.c4 f5
2.d4 Ng8f6
3.g3 e6
4.Bf1g2 Bf8e7
5.Ng1f3 O-O
6.O-O c6
7.Nb1d2 d5
8.Nf3e5 Nb8d7
9.Ne5d3 Nf6e4
10.Qd1c2 Nd7f6
 { time }
0-1

[Event "Match"]
[Site "www.echecsemail.com"]
[Date "2015.07.20"]
[Round "1"]
[White "Azulmarino"]
[Black "Inez"]
[WhiteElo "1550"]
[BlackElo "1520"]
[Result "1-0"]
[Round "1"]
1.e4 c6
2.c4 d5
3.d3 dxe4
4.dxe4 Qd8xd1
5.Kxd1 Ng8f6
6.f3 e5
7.Bf1d3 Nb8a6
8.Nb1c3  { time }
1-0

[Event "Match"]
[Site "www.echecsemail.com"]
[Date "2015.07.20"]
[Round "1"]
[White "Jafarhayder"]
[Black "Karlgrocer"]
[WhiteElo "1250"]
[BlackElo "1880"]
[Result "0-1"]
[Round "1"]
1.d4 d5
2.c4 c6
3.Ng1f3 Ng8f6
4.e3 e6
5.Nb1c3 Bf8b4
6.Bc1d2 O-O
7.Bf1d3 dxc4
8.Bd3xc4 b5
9.Bc4d3 a5
10.a3 Bb4xc3
11.Bd2xc3 Nb8d7
12.O-O Nd7b6
13.Ra1c1 Bc8b7
14.Qd1d2 Nb6d5
15.Nf3e5 a4
16.Bc3b4 Nd5xb4
17.axb4 Ra8c8
18.Rc1c2 Qd8d6
19.Rf1c1 Nf6d5
20.Rc2c5 f6
21.Ne5f3 Rc8c7
22.e4 Nd5e7
23.Bd3xb5 Rf8c8
24.Bb5xa4 Kf7
25.Ba4b3 Bb7a6
26.h3 Ba6b5
27.Bb3c4 Bb5xc4
28.Rc5xc4 Qd6d7
29.Qd2c2 h6
30.b5 Qd7e8
 { time }
0-1

[Event "Match"]
[Site "www.echecsemail.com"]
[Date "2015.07.20"]
[Round "1"]
[White "Jjmcbride"]
[Black "Jafarhayder"]
[WhiteElo "1810"]
[BlackElo "1250"]
[Result "1-0"]
[Round "1"]
1.e4 e6
2.d4 d5
3.e5 c5
4.b3 Qd8b6
5.Bc1a3 Nb8c6
6.Ng1f3 Bf8e7
7.Bf1e2 Bc8d7
8.c3 Ng8h6
9.O-O Nh6f5
10.Ba3b2 a6
11.a3 Ra8c8
12.b4 cxd4
13.cxd4 O-O
14.Qd1d3 Rc8c7
15.Nb1d2 Rf8c8
16.Nd2b3 Be7xb4
17.axb4 Nc6xb4
18.Qd3d1 Nb4c2
19.Nb3c5  { time }
1-0

[Event "Match"]
[Site "www.echecsemail.com"]
[Date "2015.07.20"]
[Round "1"]
[White "Gimmyg"]
[Black "Numanoid"]
[WhiteElo "2230"]
[BlackElo "2590"]
[Result "1/2-1/2"]
[Round "1"]
1.e4 d6
2.d4 Ng8f6
3.Nb1c3 g6
4.f4 Bf8g7
5.Ng1f3 c5
6.d5 O-O
7.Bf1d3 e6
8.O-O exd5
9.exd5 Nb8a6
10.Bc1e3 Na6b4
11.Bd3c4 Bc8f5
12.Ra1c1 Rf8e8
13.Be3f2 Nf6e4
14.Bf2e1 Qd8d7
15.h3 Ra8b8
16.a3 Nb4a6
17.Bc4b5 Ne4xc3
18.Bb5xd7 Nc3xd1
19.Bd7xe8 Nd1e3
20.Be8b5 Ne3xf1
21.Bb5xf1 Na6c7
22.c3 Bf5e4
23.Be1g3 f5
24.b4 Nc7xd5
25.bxc5 dxc5
26.Nf3g5 Nd5f6
27.Ng5xe4 Nf6xe4
28.Bf1c4 Kf8
29.Bg3e1 Rb8d8
30.g3 Ke7
31.a4 b6
32.g4 Rd8d6
33.Kg2 Kd7
{ draw }
1/2-1/2

[Event "Match"]
[Site "www.echecsemail.com"]
[Date "2015.07.20"]
[Round "1"]
[White "Generalfree"]
[Black "Cyrilgeorge"]
[WhiteElo "1780"]
[BlackElo "1760"]
[Result "1-0"]
[Round "1"]
1.e4 e5
2.Ng1f3 d6
3.Bf1c4 Qd8e7
4.c3 Bc8e6
5.Bc4xe6 Qe7xe6
6.d4 h6
7.d5 Qe6e7
8.b4 Nb8d7
9.a4 O-O-O
10.Bc1e3 b6
11.Qd1e2 Nd7b8
12.b5 g5
13.h3 Bf8g7
14.a5 Nb8d7
15.axb6 cxb6
16.Ra1xa7 Ng8f6
17.Qe2c4 { resign }
1-0

[Event "Match"]
[Site "www.echecsemail.com"]
[Date "2015.07.20"]
[Round "1"]
[White "Harrytheking"]
[Black "Nestor"]
[WhiteElo "1780"]
[BlackElo "2170"]
[Result "1-0"]
[Round "1"]
1.c4 Ng8f6
2.Nb1c3 g6
3.Ng1f3 Bf8g7
4.e3 O-O
5.h3 d5
6.cxd5 Nf6xd5
7.Nc3xd5 Qd8xd5
8.d4 Nb8c6
9.a3 Bc8f5
10.Bf1d3 Bf5e4
11.b4 Ra8d8
12.O-O Qd5f5
13.Bd3xe4 Qf5xe4
14.Nf3g5 Qe4h4
15.Ng5f3 Qh4e4
16.Nf3g5 Qe4d5
17.Ng5f3 e5
18.Nf3xe5  { time }
1-0

[Event "Match"]
[Site "www.echecsemail.com"]
[Date "2015.07.20"]
[Round "1"]
[White "Canario"]
[Black "F14"]
[WhiteElo "1730"]
[BlackElo "1860"]
[Result "1/2-1/2"]
[Round "1"]
1.e4 g6
2.d4 Bf8g7
3.Ng1f3 d6
4.Nb1c3 Ng8f6
5.Bc1g5 O-O
6.h3 c6
7.Qd1d2 e5
8.dxe5 dxe5
9.Qd2xd8 Rf8xd8
10.Nf3xe5 Nb8d7
11.Ne5xd7 Bc8xd7
12.e5 Rd8e8
13.O-O-O Nf6d5
14.Nc3xd5 cxd5
15.Rd1xd5 Bd7c6
16.Rd5d1 Re8xe5
17.Bg5e3 a6
18.Rh1g1 Re5d5
19.Bf1c4 Rd5xd1
20.Rg1xd1 b5
21.Bc4e2 Bc6xg2
22.h4 Ra8e8
23.Rd1g1 Bg2c6
24.Be2d3 h5
{ draw }
1/2-1/2

[Event "Match"]
[Site "www.echecsemail.com"]
[Date "2015.07.20"]
[Round "1"]
[White "Gimmyg"]
[Black "Aperturaf"]
[WhiteElo "2210"]
[BlackElo "2450"]
[Result "1-0"]
[Round "1"]
1.g3 d5
2.Bf1g2 Ng8f6
3.Ng1f3 c6
4.d3 Bc8g4
5.Nb1d2 Nb8d7
6.h3 Bg4h5
7.c3 e6
8.a4 h6
9.a5 Bf8d6
10.b4 O-O
11.O-O b5
12.e4 Qd8c7
13.Rf1e1 Nd7e5
14.Nd2f1 dxe4
15.dxe4 Bh5xf3
16.Bg2xf3 c5
17.Bc1d2 Ra8c8
18.Bf3g2 Ne5d3
19.Re1e3 c4
20.Nf1h2 Rf8d8
21.Nh2f3 Bd6e5
22.Ra1a2 Rd8d7
23.Ra2c2 Rc8d8
24.Nf3e1 a6
25.Ne1xd3 cxd3
26.Rc2c1 Qc7c4
27.Kh2 g5
28.Re3e1 Kg7
{ time. }
1-0

[Event "Match"]
[Site "www.echecsemail.com"]
[Date "2015.07.20"]
[Round "1"]
[White "Glenno"]
[Black "Jaguar91"]
[WhiteElo "2290"]
[BlackElo "2100"]
[Result "1-0"]
[Round "1"]
1.e4 c5
2.Ng1f3 d6
3.d4 cxd4
4.Nf3xd4 Ng8f6
5.Nb1c3 a6
6.Bc1g5 e6
7.f4 Bf8e7
8.Qd1f3 Qd8c7
9.Bg5xf6 Be7xf6
10.O-O-O Nb8c6
11.Nd4xc6 bxc6
12.Qf3d3 d5
13.e5 Bf6e7
14.Qd3h3 a5
15.Bf1d3 a4
16.Bd3xh7 c5
17.Rh1f1 a3
18.bxa3 Ra8xa3
19.Nc3b5 Ra3xh3
20.Nb5xc7 Kd7
21.gxh3 Rh8xh7
22.Nc7b5 Rh7xh3
23.Rf1h1 Bc8b7
24.Rh1g1 g6
25.Rd1d2 Bb7a6
26.c4 Kc6
27.Nb5a7 Kb6
28.cxd5 Kxa7
29.dxe6 Ba6c8
30.exf7 Bc8f5
31.Rd2d8 Rh3xh2
32.Rd8e8 { resign }
1-0

[Event "Match"]
[Site "www.echecsemail.com"]
[Date "2015.07.20"]
[Round "1"]
[White "Drdoom"]
[Black "Harrytheking"]
[WhiteElo "1700"]
[BlackElo "1770"]
[Result "1/2-1/2"]
[Round "1"]
1.e4 b6
2.d4 Bc8a6
3.Bf1xa6 Nb8xa6
4.Ng1f3 h6
5.a3 e6
6.e5 c6
7.O-O Ng8e7
8.c4 Ne7g6
9.Nb1c3 Bf8e7
10.b4 Na6c7
11.Nc3e4 O-O
12.Bc1e3 Rf8e8
13.Qd1c2 a6
14.Rf1d1 b5
15.c5 Nc7d5
16.Qc2b3 Nd5xe3
17.Qb3xe3 a5
18.h3 axb4
19.axb4 Ra8xa1
20.Rd1xa1 Qd8c7
21.Ne4d6 Re8b8
22.Qe3e4 f5
23.exf6 Be7xd6
24.Nf3e5 Ng6xe5
25.dxe5 Bd6xe5
26.Qe4g6 Be5xf6
27.Ra1e1 Rb8a8
28.g3 Bf6c3
29.Re1e4 Ra8a1
30.Kg2 Bc3xb4
31.Re4g4 d5
32.Qg6xe6 Kh8
33.Qe6e8 { draw }
1/2-1/2

[Event "Match"]
[Site "www.echecsemail.com"]
[Date "2015.07.20"]
[Round "1"]
[White "Mdesouza"]
[Black "Truquine"]
[WhiteElo "2210"]
[BlackElo "1759"]
[Result "1-0"]
[Round "1"]
1.e4 c5
2.Nb1c3 Nb8c6
3.g3 b6
4.Bf1g2 g6
5.Ng1f3 Bc8b7
6.O-O Bf8g7
7.d3 d6
8.Bc1e3 Ng8f6
9.Qd1d2 Nf6g4
10.Ra1e1 Ng4xe3
11.fxe3 e6
12.d4 O-O
13.Nc3e2 Nc6a5
14.Ne2c3 Na5c4
15.Qd2c1 Ra8c8
16.b3 cxd4
17.exd4 Nc4a3
18.Qc1xa3 Rc8xc3
19.Qa3xa7 Qd8c7
{ time. }
1-0

[Event "Match"]
[Site "www.echecsemail.com"]
[Date "2015.07.20"]
[Round "1"]
[White "Pariolinius"]
[Black "Azorau"]
[WhiteElo "1770"]
[BlackElo "1579"]
[Result "1-0"]
[Round "1"]
1.d4 d5
2.Ng1f3 Bc8g4
3.e3 Nb8c6
4.Bf1e2 Bg4xf3
5.Be2xf3 Ng8f6
6.Nb1d2 e6
7.c3 Bf8d6
8.O-O Qd8d7
9.Qd1c2 Nc6a5
10.b4 Na5c6
11.Nd2b3 b5
12.Nb3c5 Bd6xc5
13.bxc5 b4
14.Bc1d2 a5
15.Ra1b1 Ke7
16.e4 h6
17.e5 bxc3
18.Bd2xc3 g5
19.Rb1b7 g4
20.exf6 Kd8
21.Bf3xg4 h5
22.Bg4h3 Qd7e8
23.Bc3d2 Kc8
24.Rf1b1 Nc6xd4
25.Qc2d3 Nd4c6
26.a3 Kd7
27.Qd3g3 Ra8c8
28.Qg3d6 
1-0

[Event "Match"]
[Site "www.echecsemail.com"]
[Date "2015.07.20"]
[Round "1"]
[White "Staf"]
[Black "Yakke"]
[WhiteElo "1200"]
[BlackElo "1790"]
[Result "0-1"]
[Round "1"]
1.Ng1f3 d5
2.Nb1c3 e5
3.Nf3xe5 Qd8f6
4.Ne5f3 d4
5.Nc3e4 Qf6b6
6.Nf3g5 Ng8h6
7.f3 Qb6c6
8.d3 Bf8e7
9.b3 O-O
10.g3 Bc8f5
11.Bf1g2 Be7xg5
12.Bc1xg5 Nb8d7
13.h3 Nd7b6
14.g4 Bf5xe4
15.dxe4 Kh8
16.Qd1xd4 Nh6g8
17.Ra1c1 f6
18.Bg5d2 Rf8d8
19.Qd4e3 Qc6d6
20.Rc1d1 Qd6a3
21.f4 Qa3xa2
22.Rd1c1 Qa2a3
23.g5 Rd8e8
24.gxf6 Ng8xf6
25.e5 Nf6d5
26.Qe3e4 Nd5c3
27.Bd2xc3 Qa3xc1
28.Kf2 Qc1a3
29.Qe4d3 Ra8d8
30.Qd3b5 a6
31.Qb5b4 Qa3a2
32.Bc3d4 Qa2xc2
33.Bd4xb6 Rd8d2
34.Bg2xb7 Rd2xe2
35.Kg3 Qc2d3
36.Kg4 Qd3g6
37.Kh4 cxb6
38.Bb7xa6 Re2g2
39.Ba6b5 Qg6h6

0-1

[Event "Match"]
[Site "www.echecsemail.com"]
[Date "2015.07.20"]
[Round "1"]
[White "Culiflori"]
[Black "Billyg"]
[WhiteElo "999"]
[BlackElo "1560"]
[Result "1-0"]
[Round "1"]
1.e4 e5
2.Ng1f3 d6
3.d4 f6
4.dxe5 fxe5
5.Bf1c4 Ng8f6
6.Nb1c3 Bf8e7
7.Bc1g5 Nf6h5
8.Bg5xe7 Qd8xe7
9.Nc3d5 Qe7d8
10.Nf3xe5 Rh8f8
11.Qd1xh5 g6
12.Ne5xg6 Qd8d7
13.Ng6e5 Rf8f7
14.Qh5xf7 Qd7xf7
15.Ne5xf7 Kd7
16.O-O-O c6
17.Nd5f4 b5
18.Rd1xd6 Ke7
19.Bc4b3 c5
20.Bb3d5 Nb8a6
21.Bd5xa8 Kxf7
22.Rd6c6 { resign }
1-0

[Event "Match"]
[Site "www.echecsemail.com"]
[Date "2015.07.20"]
[Round "1"]
[White "Azorau"]
[Black "Maestro"]
[WhiteElo "1579"]
[BlackElo "1900"]
[Result "1-0"]
[Round "1"]
1.e4 c5
2.Ng1f3 e6
3.Nb1c3 Nb8c6
4.g3 g6
5.Bf1g2 Bf8g7
6.O-O Ng8e7
7.Rf1e1 O-O
8.d3 d5
9.e5 d4
{ time. }
1-0

[Event "Match"]
[Site "www.echecsemail.com"]
[Date "2015.07.20"]
[Round "1"]
[White "Norbos"]
[Black "Azorau"]
[WhiteElo "1600"]
[BlackElo "1579"]
[Result "0-1"]
[Round "1"]
1.e4 e5
2.Ng1f3 Nb8c6
3.d3 Bf8c5
4.Nb1c3 Ng8f6
5.Qd1d2 Nf6g4
6.Nc3d1 O-O
7.b3 Qd8e7
8.Bc1b2 Bc5b4
9.c3 Bb4c5
10.h3 Ng4f6
11.b4 Bc5b6
12.a3 d5
13.Nf3h4 Nf6xe4
14.dxe4 Qe7xh4
15.Nd1e3 Bb6xe3
16.Qd2xe3 dxe4
17.g3 Qh4e7
18.Qe3xe4 Qe7e6
19.Bf1c4 Qe6f6
20.Bb2c1 Bc8f5
21.Qe4e3 Nc6e7
22.Bc1d2 Ra8d8
23.Qe3xa7 Qf6c6
24.O-O-O Qc6xc4
25.Qa7xb7 Bf5e4
26.Rh1g1 Be4xb7
27.f4 Bb7f3
28.Rd1e1 Qc4d3
29.Re1e3 Qd3xd2
{ resign }
0-1

[Event "Match"]
[Site "www.echecsemail.com"]
[Date "2015.07.20"]
[Round "1"]
[White "F14"]
[Black "Gimmyg"]
[WhiteElo "1840"]
[BlackElo "2230"]
[Result "0-1"]
[Round "1"]
1.Ng1f3 Nb8c6
2.d4 Ng8f6
3.c4 d5
4.Nb1c3 dxc4
5.e4 a6
6.Bf1xc4 e6
7.O-O Bf8e7
8.d5 Nc6a5
9.dxe6 Qd8xd1
10.exf7 Kf8
11.Rf1xd1 Na5xc4
12.b3 Nc4b6
13.e5 Nf6g4
14.h3 Ng4h6
15.Bc1xh6 gxh6
16.Rd1e1 Kxf7
17.Ra1d1 Bc8f5
18.Nc3d5 Nb6xd5
19.Rd1xd5 Ra8d8
20.Re1d1 Rd8xd5
21.Rd1xd5 Rh8d8
22.Rd5xd8 Be7xd8
23.Nf3d4 Bf5b1
24.a3 Bd8e7
25.g4 Be7xa3
26.f4 c5
27.Nd4f5 Bb1xf5
28.gxf5 Ba3c1
{ resign }
0-1

[Event "Match"]
[Site "www.echecsemail.com"]
[Date "2015.07.20"]
[Round "1"]
[White "Karlgrocer"]
[Black "Azorau"]
[WhiteElo "1870"]
[BlackElo "1579"]
[Result "0-1"]
[Round "1"]
1.Ng1f3 Nb8c6
2.d4 d5
3.e3 Bc8g4
4.Bf1e2 Ng8f6
5.O-O e6
6.a3 Qd8d6
7.Nf3d2 Bg4f5
8.c4 O-O-O
9.c5 Nf6e4
10.Nd2xe4 Bf5xe4
11.Nb1d2 Qd6e7
12.Nd2xe4 dxe4
13.Qd1c2 a6
14.b4 f5
15.b5 Nc6b8
16.bxa6 bxa6
17.Qc2a4 h5
18.Be2xa6 Nb8xa6
19.Qa4xa6 Kd7
20.Qa6b5 c6
21.Qb5b7 { time. }
0-1

[Event "Match"]
[Site "www.echecsemail.com"]
[Date "2015.07.20"]
[Round "1"]
[White "Llord"]
[Black "Azorau"]
[WhiteElo "1790"]
[BlackElo "1579"]
[Result "1-0"]
[Round "1"]
1.e4 e5
2.Ng1f3 Nb8c6
3.Bf1c4 h6
4.Nb1c3 Bf8c5
5.O-O Ng8f6
6.d3 d6
7.Nc3d5 O-O
8.Nd5xf6 Qd8xf6
9.Bc1e3 Bc5d4
10.c3 Bd4b6
11.Bc4d5 Nc6e7
12.Bd5b3 c5
13.d4 Bc8g4
14.h3 Bg4h5
15.Qd1e2 exd4
16.cxd4 d5
17.exd5 Qf6d6
18.Qe2d3 Bh5xf3
19.dxc5 Bb6xc5
20.Be3xc5 Qd6xc5
21.Qd3xf3 Ra8d8
22.Ra1c1 Qc5d4
23.Rf1d1 Qd4xb2
24.d6 Rd8xd6
25.Qf3xb7 Rd6xd1
26.Rc1xd1 Ne7g6
27.Bb3xf7 Rf8xf7
28.Qb7xb2 Ng6h4
29.Qb2c2 g6
30.Rd1d8 Kg7
31.Qc2c3 Rf7f6
32.Rd8d7 { resign }
1-0

[Event "Match"]
[Site "www.echecsemail.com"]
[Date "2015.07.20"]
[Round "1"]
[White "Nham"]
[Black "Omsk"]
[WhiteElo "2130"]
[BlackElo "1499"]
[Result "1-0"]
[Round "1"]
1.d4 Ng8f6
2.c4 c5
3.dxc5 e6
4.Nb1c3 Bf8xc5
5.e4 Nb8c6
6.Ng1f3 Nf6g4
7.Bc1e3 Bc5xe3
8.fxe3 Qd8b6
9.Qd1d2 Qb6xe3
10.Qd2xe3 Ng4xe3
11.Kd2 Ne3xf1
12.Rh1xf1 d6
13.Nc3b5 Ke7
14.Kc3 a6
15.Nb5d4 Bc8d7
16.Ra1d1 Ra8c8
17.Nf3g5 f6
18.Ng5f3 Rh8d8
19.Rf1f2 Nc6xd4
20.Nf3xd4 Bd7c6
21.Nd4xc6 Rc8xc6
22.a4 b5
23.axb5 axb5
24.b3 bxc4
{ time. }
1-0